| 000 | 00755nam a2200253 a 4500 | ||
|---|---|---|---|
| 001 | 12710 | ||
| 003 | BD-JhCC | ||
| 005 | 20230508194852.0 | ||
| 008 | 230508s20201997enk 000 1 eng d | ||
| 020 | _a9788172234928 | ||
| 020 | _a0002256622 (airport trade paperback) | ||
| 035 | _a(BD-JhCC)12710 | ||
| 040 |
_aDLC _cDLC _dBD-JhCC |
||
| 082 | 0 |
_a813.54 _221 _bSHE 2020 |
|
| 100 | 1 | _aSheldon, Sidney. | |
| 245 | 1 | 4 |
_aThe best laid plans / _cSidney Sheldon. |
| 260 |
_aLondon : _bHarperCollins, _c2020. |
||
| 300 |
_a358 p. ; _c25 cm. |
||
| 650 | 0 |
_aRevenge _vFiction. |
|
| 650 | 0 |
_aPower (Social sciences) _vFiction. |
|
| 650 | 0 |
_aPresidential candidates _zUnited States _vFiction. |
|
| 650 | 0 |
_aYoung women _zUnited States _vFiction. |
|
| 942 |
_2ddc _cBK |
||
| 999 |
_c12710 _d12710 |
||